书目信息 |
| 题名: |
机械零件去毛剌工艺
|
|
| 作者: | 刘维云.李铁祥同 著 | |
| 分册: | ||
| 出版信息: | 北京 中国农业机械出版社 1984.1 |
|
| 页数: | 148页 | |
| 开本: | 20cm | |
| 丛书名: | ||
| 单 册: | ||
| 中图分类: | TH13 | |
| 科图分类: | ||
| 主题词: | 机械元件 , 机械传动装置 | |
| 电子资源: | ||
| ISBN: | ||
| 000 | 00623nam0 2200217 45 | |
| 001 | 0312221749 | |
| 005 | 20040520174028.4 | |
| 010 | @dCNY0.48 | |
| 091 | @a15216.197 | |
| 100 | @a20031222d1984 km y0chiy0120 ea | |
| 101 | @achi | |
| 105 | @a z 000yy | |
| 200 | 1 | @a机械零件去毛剌工艺@AJi Xie Ling Jian Qu Mao La Gong Yi@f刘维云.李铁祥同著@FLiu Wei Yun.Li Tie Xiang Tong Zhu |
| 210 | @a北京@c中国农业机械出版社@d1984.1 | |
| 215 | @a148页@d20cm | |
| 606 | 0 | @a机械元件 |
| 606 | 0 | @a机械传动装置 |
| 690 | @aTH13@v3 | |
| 701 | 0 | @a刘维云.李铁祥同@4著 |
| 801 | @aCN@bTSTCL@c20031222 | |
| 905 | @dTH13@e22@f2@b107833-834 | |
| 机械零件去毛剌工艺/刘维云.李铁祥同著.-北京:中国农业机械出版社,1984.1 |
| 148页;20cm |
| ISBN :CNY0.48 |
| ● |
| 相关链接 |
|
|
|
|
正题名:机械零件去毛剌工艺
索取号:TH13/22
 
预约/预借
| 序号 | 登录号 | 条形码 | 馆藏地/架位号 | 状态 | 备注 |
| 1 | 0107833 | 001365310 | 密集书库/ [索取号:TH13/22] | 在馆 | |
| 2 | 0107834 | 001365356 | 第三借阅区/ [索取号:TH13/22] | 在馆 | |
| 3 | 0107835 | 001364696 | 第二样本阅览室/ [索取号:TH13/22] | 在馆 |